000 00433nam a2200133Ia 4500
008 220216s9999 xx 000 0 und d
100 _aSuresh K
245 0 _aClimate change and oil palm productivity
260 _bPLACROSYM XIX, 7-10 December 2010, Kottayam. Climate Change. 19th Biennial Symposium on Plantation Crops. Abstracts.pp.28-29.
650 _aClimate change
650 _aOil palm
700 _aArulraj S
942 _cJS
999 _c55643
_d55643